Online
Catalog

El ambiente y el Micro-Sistema sanitario / (Record no. 48813)

MARC details
000 -CABECERA
campo de control de longitud fija 00628cam a2200205 a 4500
001 - NÚMERO DE CONTROL
campo de control 000008070
003 - IDENTIFICADOR DEL NÚMERO DE CONTROL
campo de control OSt
005 - FECHA Y HORA DE LA ÚLTIMA TRANSACCIÓN
campo de control 20201005104210.0
008 - DATOS DE LONGITUD FIJA--INFORMACIÓN GENERAL
campo de control de longitud fija 920326s1996 dr a 000 f spa
040 ## - FUENTE DE LA CATALOGACIÓN
Centro catalogador/agencia de origen DO-SdBNP
Lengua de catalogación spa
Centro/agencia transcriptor BNPHU
100 1# - ENTRADA PRINCIPAL--NOMBRE DE PERSONA
Nombre de persona Cáceres Mendoza, Fran
9 (RLIN) 21978
245 13 - MENCIÓN DE TÍTULO
Título El ambiente y el Micro-Sistema sanitario /
Mención de responsabilidad, etc. Fran Cáceres Mendoza
260 ## - PUBLICACIÓN, DISTRIBUCIÓN, ETC.
Lugar de publicación, distribución, etc. Santo Domingo :
Nombre del editor, distribuidor, etc. Ciudad Alternativa,
Fecha de publicación, distribución, etc. 1996.
300 ## - DESCRIPCIÓN FÍSICA
Extensión 16 p. ;
Dimensiones 20 cm.
Otras características físicas il.
490 1# - MENCIÓN DE SERIE
Mención de serie el espacio en que vivimos ;
Designación de volumen o secuencia 1 ;
590 ## - NOTA LOCAL (RLIN)
Nota local Inventariado, 2020/ YL
830 #0 - PUNTO DE ACCESO ADICIONAL DE SERIE-TÍTULO UNIFORME
Título uniforme El espacio en que vivimos
Número de parte o sección de la obra 1
9 (RLIN) 21979
910 ## - DATOS DE OPCIÓN DEL USUARIO (OCLC)
Datos de opción del usuario En proceso
942 ## - ELEMENTOS DE PUNTO DE ACCESO ADICIONAL (KOHA)
Fuente del sistema de clasificación o colocación Dewey Decimal Classification
Tipo de ítem Koha Libros y folletos
Holdings
Estado de retiro Estado de pérdida Fuente del sistema de clasificación o colocación No para préstamo Código de colección Localización permanente Ubicación/localización actual Ubicación en estantería Fecha de adquisición Fuente de adquisición Total de préstamos Código de barras Fecha visto por última vez Precio válido a partir de Tipo de ítem Koha
    Dewey Decimal Classification Excluido de préstamo Patrimonio Dominicano Biblioteca Nacional Pedro Henríquez Ureña Biblioteca Nacional Pedro Henríquez Ureña En catalogación 13.10.2016 Francisco Cáceres   2020-0080 05.10.2020 05.10.2020 Libro y Folleto Colección Patrimonio Dominicano

Powered by Koha